| 000 | 00530nam a22001817a 4500 | ||
|---|---|---|---|
| 005 | 20210325202203.0 | ||
| 008 | s2008 th ||||| |||| 00| 0 tha d | ||
| 020 | _a9789995088064 | ||
| 040 | _aNALT | ||
| 090 |
_aKD 35.K3.4 _bC66 2008 |
||
| 245 | 0 | 0 | _aThe constitution of the Kingdom of Cambodia. |
| 260 |
_aS. l. _c2008 |
||
| 300 |
_a99, 57, 52 p. ; _c 21 cm. |
||
| 650 | 0 |
_aConstitutions _949635 _zCambodia |
|
| 850 | _aNALT | ||
| 942 |
_cLB _2local |
||
| 998 |
_j109 _k อารีรัตน์ วิชาช่าง |
||
| 999 |
_c54871 _d54871 |
||